000 00714nam a22002537a 4500
001 000200
003 DO-SdBNP
005 20180321141238.0
007 000200
008 151210b 2003 dr a 00| 0 spa d
020 _a9993476366
040 _aBPMSU
_bspa
_cBPMSU
092 _axxxx
_bxxxx
100 1 _aValle Rojas, Miguel del
245 1 0 _aCaligrafía fácil 8 /
_cMiguel del Valle Rojas
260 _aSanto Domingo ;
_bActualidad escolar 2000,
_c2003.
_fCentenario
300 _a95 p.;
_bil.
_c28 cm.
500 _aLibro de texto
586 _aPremio Ministerio de Cultura J. Buigas
910 _a00144
942 _2ddc
_cBK
945 _aRemanejado para la BNPHU / 2018 VM
956 _aYngrid Lockward
_b10
999 _c9382
_d9382